Corporate social responsibility in karnataka : (Record no. 211206)

MARC details
000 -LEADER
fixed length control field 00772nam a22002057a 4500
005 - DATE AND TIME OF LATEST TRANSACTION
control field 20250508112713.0
010 ## - LCCN (DPL NO)
LC control number ENG-144859
020 ## - INTERNATIONAL STANDARD BOOK NUMBER
International Standard Book Number 9788184249040
Terms of availability 490.00
035 ## - SYSTEM CONTROL NUMBER
System control number EN-128391
037 ## - SOURCE OF ACQUISITION
Source of stock number/acquisition DBAD
082 ## - DEWEY DECIMAL CLASSIFICATION NUMBER
Classification number 378.1558
100 ## - MAIN ENTRY--PERSONAL NAME
Personal name Murti, Murali
245 ## - TITLE STATEMENT
Title Corporate social responsibility in karnataka :
Statement of responsibility, etc by Murali Murti; Hanuman Kennedy [and] Kalyani Rangarajan
Remainder of title bet practices of linkages between social and corporate enterprises /
260 ## - PUBLICATION, DISTRIBUTION, ETC. (IMPRINT)
Place of publication, distribution, etc New Delhi
Name of publisher, distributor, etc Allied Publishers Pvt. Ltd.
Date of publication, distribution, etc 2013
270 ## - ADDRESS
Address 1/13-14, Asaf Ali Road,
City New Delhi
Postal code 110002
Telephone number 011-23239001
300 ## - PHYSICAL DESCRIPTION
Extent 226p.
Dimensions 24cm.(Hb)
Other physical details ill.
700 ## - ADDED ENTRY--PERSONAL NAME
Dates associated with a name Kennedy, Hanuman
9 (RLIN) 81093
700 ## - ADDED ENTRY--PERSONAL NAME
Dates associated with a name Rangarajan, Kalyani
9 (RLIN) 81094
942 ## - ADDED ENTRY ELEMENTS (KOHA)
Source of classification or shelving scheme Dewey Decimal Classification
Item type English Books
Call number suffix PON
Classification part 378.1558

No items available.


© Delhi Public Library
Hit Counter
free hit counter